| 000 | 01004nam a22001817a 4500 | ||
|---|---|---|---|
| 999 |
_c62024 _d62024 |
||
| 003 | Ge_BSU | ||
| 005 | 20240624163411.0 | ||
| 008 | 240624s1981 ge ||||| |||| 00| 0 geo d | ||
| 041 | _ageo | ||
| 080 | _a613.955(075.8) ს-90 | ||
| 100 |
_aსტურუა, გ. _922557 |
||
| 245 |
_aსასკოლო ჰიგიენა : _bდამხმ. სახელმძღვ. პედ. ინ-ტის სტუდენტებისათვის / _cგ. სტურუა ; საქ. სსრ უმაღლ. და საშ. სპეც. განათლ. სამინისტროს უმაღლ. განათლ. სამეც. მეთოდ. კაბ-ტი. |
||
| 264 |
_aთბ. : _bთბილ. უნ-ტის გამ-ბა, _c1981. |
||
| 300 |
_a112 გვ. ; _b20 სმ. |
||
| 653 | _aსასკოლო ჰიგიენა | ||
| 700 |
_aგობრონიძე, ალ. _eრედაქტორი _94660 |
||
| 942 |
_2udc _cᲬᲘᲒᲜᲘ |
||